Statistics for Countries with Lamborghini Stores

Click here to take the quiz!

General Stats

  • This quiz has been taken 39 times
  • The average score is 17 of 21

Answer Stats

Continent Country % Correct
EuropeItaly
100%
OceaniaAustralia
97%
EuropeUnited Kingdom
97%
AsiaJapan
97%
North AmericaUnited States of America
97%
EuropeFrance
93%
EuropeGermany
93%
AsiaChina
93%
North AmericaCanada
90%
OceaniaNew Zealand
87%
EuropeAustria
83%
Europethe Netherlands
80%
EuropeBelgium
80%
EuropeSwitzerland
77%
AsiaUnited Arab Emirates
73%
AfricaSouth Africa
70%
AsiaSingapore
60%
EuropeGreece
57%
EuropePortugal
53%
AsiaOman
40%
EuropeMonaco
40%

Score Distribution

Percentile by Number Answered

Percent of People with Each Score

Your Score History

You have not taken this quiz